The power of prayer and the prayer of power. (Record no. 3114)
[ view plain ]
| 000 -LEADER | |
|---|---|
| fixed length control field | 00764nam a2200277 4500 |
| 001 - CONTROL NUMBER | |
| control field | 370240 |
| 003 - CONTROL NUMBER IDENTIFIER | |
| control field | OCoLC |
| 005 - DATE AND TIME OF LATEST TRANSACTION | |
| control field | 20181024155624.0 |
| 008 - FIXED-LENGTH DATA ELEMENTS--GENERAL INFORMATION | |
| fixed length control field | 720707t19721924miu 000 0 eng |
| 010 ## - LIBRARY OF CONGRESS CONTROL NUMBER | |
| LC control number | 74156243 |
| 020 ## - INTERNATIONAL STANDARD BOOK NUMBER | |
| Terms of availability | $1.25 (pbk) |
| International Standard Book Number | 0310333121 |
| 035 ## - SYSTEM CONTROL NUMBER | |
| System control number | tcgc137586 |
| 040 ## - CATALOGING SOURCE | |
| Original cataloging agency | DLC |
| Transcribing agency | DLC |
| 050 0# - LIBRARY OF CONGRESS CALL NUMBER | |
| Classification number | BV210 |
| Item number | .T6 1972 |
| 082 ## - DEWEY DECIMAL CLASSIFICATION NUMBER | |
| Classification number | 242 |
| Item number | T694P |
| 090 ## - LOCALLY ASSIGNED LC-TYPE CALL NUMBER (OCLC); LOCAL CALL NUMBER (RLIN) | |
| Classification number (OCLC) (R) ; Classification number, CALL (RLIN) (NR) | BV210 |
| Local cutter number (OCLC) ; Book number/undivided call number, CALL (RLIN) | .T6 1976 |
| 100 1# - MAIN ENTRY--PERSONAL NAME | |
| Personal name | Torrey, R. A. |
| Fuller form of name | (Reuben Archer), |
| Dates associated with a name | 1856-1928. |
| 245 14 - TITLE STATEMENT | |
| Title | The power of prayer and the prayer of power. |
| 260 ## - PUBLICATION, DISTRIBUTION, ETC. | |
| Place of publication, distribution, etc. | Grand Rapids : |
| Name of publisher, distributor, etc. | Zondervan Pub. House, |
| Date of publication, distribution, etc. | [1972, c1924] |
| 300 ## - PHYSICAL DESCRIPTION | |
| Extent | 191 p. ; |
| Dimensions | 18 cm. |
| 490 0# - SERIES STATEMENT | |
| Series statement | Zondervan books. |
| 650 #0 - SUBJECT ADDED ENTRY--TOPICAL TERM | |
| Topical term or geographic name entry element | Prayer |
| General subdivision | Christianity. |
| 740 01 - ADDED ENTRY--UNCONTROLLED RELATED/ANALYTICAL TITLE | |
| Uncontrolled related/analytical title | Power of prayer. |
| 740 01 - ADDED ENTRY--UNCONTROLLED RELATED/ANALYTICAL TITLE | |
| Uncontrolled related/analytical title | Prayer of power. |
| 942 ## - ADDED ENTRY ELEMENTS (KOHA) | |
| Source of classification or shelving scheme | Dewey Decimal Classification |
| Koha item type | Books |
| Withdrawn status | Lost status | Source of classification or shelving scheme | Damaged status | Not for loan | Collection code | Home library | Current library | Shelving location | Date acquired | Cost, normal purchase price | Total Checkouts | Full call number | Barcode | Date last seen | Price effective from | Koha item type |
|---|---|---|---|---|---|---|---|---|---|---|---|---|---|---|---|---|
| Dewey Decimal Classification | Non-fiction | Harvest Mission College | Harvest Mission College | General Stacks | 24.10.2018 | 250.00 | 242 T694P | 001469 | 24.10.2018 | 24.10.2018 | Books | |||||
| Dewey Decimal Classification | Harvest Mission College | Harvest Mission College | 30.11.2022 | 242 T694P | 012953 | 30.11.2022 | 30.11.2022 | Books |
